Statistics for General Knowledge Quiz #228

Click here to take the quiz!

General Stats

  • This quiz has been taken 16,881 times
  • The average score is 11 of 20

Answer Stats

QuestionAnswer% Correct
Who sings "Hi-Ho, hi-ho, it's off to work we go"?The Seven Dwarfs
85%
What martial art is spelled with two J's and two U's?Jujitsu
84%
What product did OpenAI release in 2022 that forever changed the way
homework is done?
Chat-GPT
80%
In what event is the world record 8.95 meters, a little over 29 feet?Long jump
76%
What is short and stout with a handle and a spout?Teapot
74%
What was the area between the trenches called in World War One?
{No} {man}'{s} {land}
73%
What's the smallest country on the Arabian peninsula?Qatar
67%
What British company (now based in Singapore) makes vacuum cleaners and
bathroom hand dryers?
Dyson
65%
Who recorded "I Wanna Dance with Somebody" in 1986?Whitney Houston
60%
Which country's richest person is named Carlos Slim?Mexico
57%
Who is described in a famous poem as a "jolly old elf"?Santa Claus
51%
Where is the James Webb telescope located?Outer space
50%
Who has starred in 11 different Martin Scorsese films, the first in 1973
and the most recent in 2023?
Robert De Niro
47%
What did Mercutio say while dying in "Romeo and Juliet"?
A {plague} on both
your houses
44%
What word describes something that is traveling more than 5 times the speed of sound?{Hyper}sonic
44%
What is the only country bordering the Caspian Sea that wasn't part of the Soviet Union?Iran
41%
What is the only island which has two national capitals on it?Hispaniola
38%
Who was born in Duluth, Minnesota in 1941 with the name Robert Zimmerman?Bob Dylan
28%
What atmospheric phenomenon explains why a flight from New York to Los Angeles
takes about 30 minutes longer than the return flight?
Jet stream
26%
What do you "bury" if you hide the most important part of a story until later?The lede
24%

Score Distribution

Percentile by Number Answered

Percent of People with Each Score

Your Score History

You have not taken this quiz